=LDR 00000nam 2200000 4500 =001 INLIS000000000035887 =005 20130612141717 =008 ***********************************Ind** =035 ##$$0010-061300000035887 =041 ##$$a Ind =082 ##$$a 639.5 =090 ##$$a 639.5, sya =100 ##$$a M. Syahid =245 ##$$a Budidaya udang organik, Secara Politikur =260 ##$$a 2006 $b Jakarta =300 ##$$a 74 hlm, ilus, 22 cm =850 ##$$a NBPNMAT